000 00587nam a2200229Ia 4500
003 0100
008 130227s9999 xx 000 0 und d
020 _a1840144777
040 _cARRUPELIB
050 _aKOC145.M55N38 1998
245 _aLaw, culture, tradition and children's rights in Eastern and Southern Africa
260 _aDartmouth
260 _bAshgate
260 _C1998
300 _axv
300 _b 343p 22cm
650 _bEconomics--History
650 _cValue
650 _dDistribution (Economic theory)
700 _aNcube, Welshman (ed)
942 _2lcc
_01
999 _c3945
_d3945